| 000 -LEADER |
| fixed length control field |
00927nam a2200229Ia 4500 |
| 001 - CONTROL NUMBER |
| control field |
1920 |
| 003 - CONTROL NUMBER IDENTIFIER |
| control field |
GE_BSU |
| 005 - DATE AND TIME OF LATEST TRANSACTION |
| control field |
20221011154926.0 |
| 008 - FIXED-LENGTH DATA ELEMENTS--GENERAL INFORMATION |
| fixed length control field |
181216s2006ru xx |||||||||||||| ||rus|| |
| 010 ## - LIBRARY OF CONGRESS CONTROL NUMBER |
| LC control number |
5699113630 |
| 040 ## - CATALOGING SOURCE |
| Transcribing agency |
GE_BSU |
| 041 ## - LANGUAGE CODE |
| Language code of text/sound track or separate title |
rus |
| 080 ## - UNIVERSAL DECIMAL CLASSIFICATION NUMBER |
| Universal Decimal Classification number |
340.1(4)(075.8) В-24 |
| 245 ## - TITLE STATEMENT |
| Title |
Введение в право Европейского союза : |
| Remainder of title |
Учебное пособие для студ. вузов / |
| Statement of responsibility, etc. |
Отв. ред. С.Ю. Кашкин |
| 264 ## - PRODUCTION, PUBLICATION, DISTRIBUTION, MANUFACTURE, AND COPYRIGHT NOTICE |
| Place of production, publication, distribution, manufacture |
Москва : |
| Name of producer, publisher, distributor, manufacturer |
Эксомо, |
| Date of production, publication, distribution, manufacture, or copyright notice |
2006. |
| 300 ## - PHYSICAL DESCRIPTION |
| Extent |
368 с.: |
| Other physical details |
20 см |
| 653 ## - INDEX TERM--UNCONTROLLED |
| keyword |
Введение в право Европейского союза |
| 653 ## - INDEX TERM--UNCONTROLLED |
| keyword |
ევროკავშირის სამართლის შესავალი |
| 653 ## - INDEX TERM--UNCONTROLLED |
| keyword |
სამართლი |
| 700 ## - ADDED ENTRY--PERSONAL NAME |
| Personal name |
Кашкин, С.Ю. |
| Relator term |
პასუხისმგებელი რედაქტორი |
| 9 (RLIN) |
15252 |
| 942 ## - ADDED ENTRY ELEMENTS (KOHA) |
| Koha item type |
წიგნი |
| Source of classification or shelving scheme |
|